Methods of Test for Vulcanized Rubbers. Part II. Hardness. (Record no. 73650)

MARC details
000 -LEADER
fixed length control field 00333nam a2200121Ia 4500
245 #0 - TITLE STATEMENT
Title Methods of Test for Vulcanized Rubbers. Part II. Hardness.
260 ## - PUBLICATION, DISTRIBUTION, ETC. (IMPRINT)
Year of publication 1965
500 ## - GENERAL NOTE
General note Standard number: IS 3400 (Part II)
650 ## - SUBJECT ADDED ENTRY--TOPICAL TERM
Topical Term Hardness
650 ## - SUBJECT ADDED ENTRY--TOPICAL TERM
Topical Term Vulcanized rubber
942 ## - ADDED ENTRY ELEMENTS (KOHA)
Koha item type Standards
Holdings
Withdrawn status Lost status Damaged status Not for loan Collection code Home library Current library Date acquired Koha item type
      Standards Indian standards RRII Library RRII Library 31/12/2021 Standards